[Event "Saint Louis Blitz 2017"]
[Site "Saint Louis"]
[Date "2017.08.17"]
[Round "3"]
[White "Dominguez Perez, Leinier"]
[Black "Nepomniachtchi, Ian"]
[Result "0-1"]
[WhiteElo "2739"]
[BlackElo "2751"]
[Annotator "TA"]
[PlyCount "102"]
[EventDate "2017.??.??"]
[EventType "tourn"]
[EventCountry "USA"]
[SourceTitle "playchess.com"]
[Source "ChessBase"]
[SourceQuality "1"]

{[%evp 17,102,0,28,25,27,27,30,27,26,22,32,17,38,19,35,34,45,39,31,33,47,20,22,34,34,12,16,16,16,19,17,0,17,8,13,13,14,14,7,0,0,-12,0,0,37,0,0,0,0,-37,-37,-37,-47,-90,-100,-116,-116,-116,-116,-125,-125,-132,-132,-160,-153,-1350,-1308,-1252,-1162,-1005,-325,-1157,-1118,-844,-817,-2140,-1900,-5269,-1680,-3991,-3000,-29978,-29978,-29975,-29974,-29979,-29961]} 1. e4 c5 2. Nf3 d6 3. d4 cxd4 4. Nxd4 Nf6 5. Nc3 a6 6. g3 e5 7. Nde2 Be7 8. Bg2 O-O 9. a4 b6 {LiveBook: 14 Games. B91: Sicilian Najdorf: 6 g3} (9... Nc6 10. O-O Nb4 11. Be3 Be6 12. Qd2 d5 13. exd5 Nbxd5 14. Bg5 Nxc3 15. Nxc3 Qc7 16. Rfe1 h6 17. Bxf6 Bxf6 18. Nd5 Bxd5 19. Qxd5 {½-½ (54) Ponomariov,R (2706)-Gelfand,B (2734) Almaty 2016}) 10. Nd5 Nxd5 $146 ({Predecessor:} 10... Nbd7 11. O-O Nxd5 12. Qxd5 Rb8 13. Nc3 Bb7 14. Qd1 Rc8 15. Re1 h6 16. Bh3 Rc7 17. Be3 Bc6 18. Qd3 Qa8 19. b4 Bb7 20. Nd5 Bxd5 21. exd5 {½-½ (44) Ragnarsson,D (2276)-Zakhartsov,V (2453) Moscow 2017}) 11. Qxd5 Qc7 {White has an edge.} 12. Nc3 ({Of course not} 12. Qxa8 Bb7 $17) 12... Bb7 13. Qd3 Nd7 14. O-O Nc5 15. Qc4 Rfc8 16. Be3 Bf8 17. Rfd1 Bc6 18. Bh3 Rcb8 19. Nd5 Qb7 20. Bxc5 dxc5 21. Qe2 b5 22. axb5 axb5 23. Rxa8 Rxa8 24. Qh5 Re8 25. Bf5 {[%csl Gf5][%cal Rh5h7]} h6 26. Qg4 {Threatens to win with Nf6+.} Kh8 27. h4 Rd8 28. h5 c4 (28... Be7 $5) 29. Ne3 Qc7 30. Nd5 Qa7 31. Ne3 (31. Nb4 $5 {[%cal Rd1d8]} Rxd1+ 32. Qxd1 $14) 31... Rxd1+ 32. Qxd1 Qd4 (32... Qb8 {is interesting.} 33. c3 Bc5 34. Nd5 Kg8 35. Kg2 Qa7) 33. c3 (33. Qa1 {keeps more tension.} Qb6 34. Nd5 Qd8 35. Ne3 Kg8 36. Qa6) 33... Qxd1+ 34. Nxd1 $15 {[%mdl 4096] Endgame KBB-KBN} Be7 35. Kf1 Bg5 $1 36. Ne3 {[#]} Bxe3 $1 37. fxe3 $17 {KB-KB} Kg8 38. Kf2 Kf8 39. Kf3 Ke7 40. Bh3 {[#]} Kf6 $1 41. g4 $2 (41. Bc8 $17) 41... Kg5 $19 42. Kg3 Bxe4 43. Bf1 f5 44. gxf5 $2 (44. Be2) 44... Kxh5 45. Bh3 Bc6 46. e4 Bxe4 47. f6 gxf6 48. Bd7 f5 {[%cal Bf6f5,Bf5f4][%mdl 32]} 49. Bxb5 f4+ {Black mates.} 50. Kf2 Bd5 51. Bd7 Kg5 {Precision: White = 27%, Black = 78%.} 0-1

[Event "Saint Louis Blitz 2017"]
[Site "Saint Louis"]
[Date "2017.08.17"]
[Round "3"]
[White "Le, Quang Liem"]
[Black "Aronian, Levon"]
[Result "0-1"]
[WhiteElo "2739"]
[BlackElo "2799"]
[Annotator "TA"]
[PlyCount "136"]
[EventDate "2017.??.??"]
[EventType "tourn"]
[EventCountry "USA"]
[SourceTitle "playchess.com"]
[Source "ChessBase"]
[SourceQuality "1"]

{[%evp 17,136,54,101,74,106,80,85,66,113,111,119,35,36,39,39,33,31,0,0,-45,0,0,0,0,0,0,0,0,0,-7,0,0,0,-4,0,0,2,-35,-6,-6,-6,-60,-28,-68,-42,-42,-42,-102,-98,-251,-248,-381,-385,-696,-622,-480,-475,-434,-440,-1383,-404,-404,-350,-353,-343,-297,-212,-308,-308,-302,-302,-299,-281,-263,-190,-219,-157,-178,-181,-205,-83,-83,-83,-83,-85,-95,-76,-170,-150,-291,-288,-433,-384,-583,-569,-545,-540,-493,-454,-250,-200,-29966,-29958,-29972,-29973,-4746,-2242,-6095,-7208,-29984,-29985,-29985,-29986,-29986,-29987,-29987,-29988,-29988,-29989,-29988,-29986]} 1. d4 Nf6 2. c4 c5 3. d5 g6 4. Nc3 Bg7 5. e4 d6 6. h3 O-O 7. Nf3 e6 8. Bd3 Nbd7 9. O-O e5 {LiveBook: 8 Games} 10. Rb1 {E90: King's Indian: Classical: Early deviations and 6 h3} (10. Re1 Ne8 11. Qc2 Ndf6 12. a3 Nh5 13. b4 b6 14. Rb1 h6 15. Bd2 f5 16. bxc5 bxc5 17. Qd1 f4 {1-0 (45) Parligras,M (2599)-Romanov,E (2641) Gjakova 2016}) 10... h6 $146 ({Predecessor:} 10... Nh5 11. b4 Nf4 12. a3 h6 13. Bc2 b6 14. Ba4 Ba6 15. Bb5 Bxb5 16. Nxb5 Qe7 17. Re1 a6 {1-0 (35) Labib,I (2426)-El Ghazali,Y (2261) Cairo 2013}) 11. Re1 Nh7 12. Qc2 {White is better.} Kh8 13. Bd2 b6 14. b4 (14. Qc1 $16) 14... cxb4 $14 15. Nb5 Nc5 {Threatens to win with ...a6.} 16. Bxb4 f5 17. Rbd1 f4 18. a4 (18. Be2 {is interesting.} h5 19. Rb1 g5 20. Nh2 a6 21. Nc3) 18... a5 (18... h5 {keeps more tension.} 19. Be2 g5 20. Nh2 Nf6 21. f3 a6) 19. Bxc5 bxc5 20. Be2 h5 21. Rb1 Bf6 22. Rb3 Rg8 23. Nh2 Rg7 24. Reb1 Rb8 25. Nc3 Rb4 26. Na2 Ra7 (26... Rxa4 $6 27. Rb8 $16) 27. Nc3 Bd7 28. Nb5 Ra6 29. R3b2 ({White should play} 29. Nf3 $11) 29... Qf8 30. Qd1 Ng5 {[%cal Bh7g5,Bg5h3,Bh3f4][%mdl 32]} 31. Bd3 Bd8 32. f3 (32. Qc2 $15) 32... Qf6 33. Be2 $2 {[#]} (33. Nf1 $17) 33... Bxh3 $1 $19 {[%mdl 512]} 34. gxh3 (34. Nc3 $142) 34... Nxh3+ 35. Kg2 $2 (35. Kf1 Qg5 36. Ke1 Qg3+ 37. Kd2 Qxh2 38. Kc3) 35... Qg5+ (35... Qh4 36. Bd3 $17) 36. Ng4 hxg4 37. fxg4 {Threatening Qh1.} Qh4 {( -> ...Qg3+)} 38. Qd3 (38. Rb3 $142 f3+ 39. Bxf3) 38... f3+ (38... Rxb2 $142 39. Rxb2 Nf2) 39. Qxf3 Nf4+ 40. Kg1 Kg7 ({Not} 40... Rxa4 41. Bd3 $19) 41. Bf1 Bg5 {And now ...Ra8 would win.} 42. Nc7 (42. Na3 $142 Rab6 43. Rh2 Rxb1 44. Rxh4) 42... Ra7 43. Ne6+ Nxe6 44. dxe6 Bf4 45. Qh3 Qxh3 46. Bxh3 Re7 ({Inferior is} 46... Rxa4 47. Rb7+ Rxb7 48. Rxb7+ Kf8 49. Rb8+ Ke7 50. Rb7+ Kf8 51. Rb8+ Ke7 52. Rb7+ Kf8 $11) 47. g5 Bxg5 48. Kf2 Bd2 (48... Rxa4 $19 {has better winning chances.} 49. Rd1 Rxc4 50. Rxd6 Rxe4) 49. Ke2 $17 Bc3 ({Worse is} 49... Rxc4 50. Kxd2 Rxe4 51. Rb7 $16) 50. Rxb4 cxb4 {[%mdl 4096] Endgame KRB-KRB} 51. Kd3 Bd4 52. Kc2 (52. c5 $17 dxc5 53. Kc4) 52... Re8 53. Rf1 {[#]} (53. c5 $17 Rc8 54. Rf1 Rxc5+ 55. Kb1) 53... Rf8 $1 $19 54. Rxf8 (54. Rh1 {is a better defense.}) 54... Kxf8 {KB-KB} 55. Kb3 (55. c5 {was the only chance.} Bxc5 56. Kb3) 55... Bb6 56. Kc2 Bd8 57. Kb3 Ke7 58. Bg4 (58. Kc2 {might work better.} Kf6 59. e7 Kxe7 60. c5) 58... Kf6 59. Bh3 $2 (59. e7 $19 Kxe7 60. c5) 59... Kg5 60. c5 dxc5 61. Kc4 Kf4 62. Bg2 g5 {[%cal Bg6g5,Bg5g4,Bg4g3][%mdl 32]} 63. Kxc5 b3 {[%cal Bb4b3,Bb3b2][%mdl 32] Black mates.} 64. Bf1 Ke3 65. Bc4 b2 66. Ba2 g4 67. Kd6 g3 68. Kd7 Bf6 {Precision: White = 20%, Black = 70%.} 0-1

[Event "Saint Louis Blitz 2017"]
[Site "Saint Louis"]
[Date "2017.08.17"]
[Round "3"]
[White "Navara, David"]
[Black "Karjakin, Sergey"]
[Result "0-1"]
[WhiteElo "2737"]
[BlackElo "2773"]
[Annotator "TA"]
[PlyCount "110"]
[EventDate "2017.??.??"]
[EventType "tourn"]
[EventCountry "USA"]
[SourceTitle "playchess.com"]
[Source "ChessBase"]
[SourceQuality "1"]

{[%evp 14,109,24,-2,0,0,0,-20,0,-25,16,37,7,16,52,53,31,44,37,9,71,-11,-14,-58,0,0,-5,-102,-101,-107,-107,-104,-104,-104,-107,-106,-104,-101,-104,-104,-66,-114,-113,-116,-113,-106,0,0,0,0,0,0,0,0,0,0,0,0,0,0,0,0,0,0,0,-80,0,0,0,0,0,0,0,0,0,0,0,0,0,0,0,0,0,0,0,0,0,0,0,0,0,0,0,0,0,0,0,-29999]} 1. d4 Nf6 2. c4 e6 3. Nf3 d5 4. Bg5 h6 5. Bxf6 Qxf6 6. Nc3 c6 {[%cal Bc7c6,Bc6c5,Bc5d4][%mdl 32]} 7. Qb3 Qe7 {D43: Semi-Slav: 5 Bg5 h6} (7... dxc4 8. Qxc4 Nd7 9. Rd1 Rb8 10. g3 Qd8 11. Bg2 Be7 12. O-O b5 13. Qd3 O-O 14. Ne4 Qa5 15. Nc5 Nxc5 16. dxc5 Bf6 17. Qd6 {1-0 (58) Akobian,V (2645)-Shankland,S (2666) Saint Louis 2017}) 8. a3 {LiveBook: 6 Games} g6 9. e4 {[%cal Re4d5]} Bg7 {The position is equal.} 10. Bd3 O-O 11. O-O {[%cal Re4d5]} c5 $146 ({Predecessor:} 11... dxe4 12. Nxe4 Nd7 13. Rfe1 c5 14. Nxc5 Nxc5 15. dxc5 Qxc5 {1-0 (40) Can,E (2462)-Grishchenko,S (2489) Moscow 2012}) 12. cxd5 {And now Nb5 would win.} cxd4 13. Nb5 {Threatens to win with d6.} exd5 14. exd5 Na6 15. Rfe1 Qd8 16. Rac1 ({Much weaker is} 16. Nbxd4 Nc5 $15) 16... b6 (16... Qb6 $11) 17. Nfxd4 ({Better is} 17. Bc4 $16) 17... Nc5 $11 18. Qc2 (18. Rxc5 $5 bxc5 19. Nc6 $11) 18... Bxd4 (18... Bb7 $15 19. Nf3 Bxb2) 19. Nxd4 {Strongly threatening Bxg6.} Qxd5 20. Be4 (20. Qc4 $11 Bb7 21. Qxd5 Bxd5 22. Bb5) 20... Qxd4 $17 21. Rcd1 Qf6 22. Bxa8 {aiming for Bf3.} Bf5 23. Be4 Nxe4 24. Rxe4 Bxe4 25. Qxe4 Qxb2 {[%mdl 4096] Endgame KQR-KQR} 26. a4 Qb3 (26... Qf6 {looks sharper.} 27. g3 Rc8 28. Rd7 a5 29. Rd4 Rc1+) 27. Qd4 Rc8 28. h3 Qc4 29. Qd7 Qc6 (29... a5 $17 30. g3 Kg7) 30. Qxa7 $11 Ra8 31. Qe7 h5 32. Rd8+ Rxd8 33. Qxd8+ {KQ-KQ} Kg7 34. Qd4+ Qf6 35. Qb4 Qa1+ 36. Kh2 Qe5+ 37. g3 Qf6 38. Kg2 Qc6+ 39. Kf1 {[#]} (39. Kh2 $11 {keeps the balance.}) 39... Kf6 (39... Qh1+ $1 $17 40. Ke2 Qxh3) 40. Ke2 Ke6 41. Qb3+ Ke7 42. Qb4+ Kd7 43. Qd4+ Kc8 44. Ke3 Kb7 45. Kf4 Ka6 46. Qb4 Qf6+ (46... g5+ $5 47. Kf5 (47. Kxg5 Qc5+ 48. Qxc5 bxc5 $11) 47... Qg6+ 48. Ke5 Qe6+ 49. Kd4 Qd7+ 50. Ke4 Qc6+ 51. Kf5 g4 52. hxg4 Qe6+ 53. Kg5 Qxg4+ 54. Qxg4 hxg4 55. Kxg4 Ka5 $19) 47. Ke3 Qe6+ 48. Kd3 Qd5+ 49. Kc3 Qf3+ 50. Kc4 Qe2+ 51. Kd5 Qe6+ 52. Kd4 Qd7+ 53. Ke5 Qf5+ 54. Kd6 Kb7 {[%csl Gf7][%cal Rf5e6]} 55. Qb5 $2 {[%mdl 8192] [#]} (55. Qe1 $11) 55... Qe6# {Precision: White = 56%, Black = 57%.} 0-1

[Event "Saint Louis Blitz 2017"]
[Site "Saint Louis"]
[Date "2017.08.17"]
[Round "4"]
[White "Caruana, Fabiano"]
[Black "Dominguez Perez, Leinier"]
[Result "0-1"]
[WhiteElo "2807"]
[BlackElo "2739"]
[Annotator "TA"]
[PlyCount "44"]
[EventDate "2017.??.??"]
[EventType "tourn"]
[EventCountry "USA"]
[SourceTitle "playchess.com"]
[Source "ChessBase"]
[SourceQuality "1"]

{[%evp 21,44,-34,-29,-85,-21,-8,-2,-57,-51,-53,-61,-87,-90,-142,-131,-194,-187,-273,-278,-269,-269,-272,-269,-663,-658]} 1. c4 e6 2. Nf3 d5 3. b3 Nf6 4. g3 Be7 5. Bg2 O-O 6. O-O c5 7. e3 Nc6 8. Bb2 b6 9. cxd5 Nxd5 10. d4 {A14: English Opening: 1...e6 with b3 by White} Ba6 11. Re1 Ndb4 {LiveBook: 3 Games} 12. Bc3 (12. Bf1 $1 $11) (12. Bf1 Bxf1 13. Rxf1 cxd4 14. a3 Nd5 15. Nxd4 Nxd4 16. Bxd4 Rc8 17. Nd2 Nc3 {½-½ (59) Malakhov,V (2707)-Bu,X (2702) Sochi 2009}) 12... Nd3 $146 (12... Rc8 $17 13. Bf1 Bxf1 14. Rxf1 cxd4 15. exd4 Nd5) ({Predecessor:} 12... cxd4 13. Nxd4 Nxd4 14. Bxd4 Rc8 15. Qg4 Bf6 16. Na3 Nd3 17. Red1 e5 {0-1 (27) Dordzhieva,D (2230)-Smirnov,P (2595) Khanty-Mansiysk 2015}) 13. Re2 $1 $11 cxd4 14. Nxd4 (14. exd4 $11 Ndb4 15. Rd2) 14... Nxd4 $15 15. exd4 Rc8 16. Re3 Nb4 $36 {[%mdl 2048] Black is really pushing.} 17. Bxb4 ({White should try} 17. Re1) 17... Bxb4 $17 {[%cal Be7b4,Bb4c5,Bc5d4,Bd4f2][%mdl 32]} 18. a3 {[#]} (18. Bf1 $17 {was necessary.} Bxf1 19. Kxf1) 18... Bc5 $1 $19 {[%cal Rc5d4][%mdl 512]} 19. Re4 (19. Ra2 $142) (19. dxc5 Qxd1+) 19... f5 20. Re1 Bxd4 21. Ra2 e5 22. Nd2 $2 {[#]} (22. Rd2) 22... Bxf2+ $1 {[%mdl 512] Precision: White = 27%, Black = 79%.} 0-1

[Event "Saint Louis Blitz 2017"]
[Site "Saint Louis"]
[Date "2017.08.17"]
[Round "4"]
[White "Aronian, Levon"]
[Black "Karjakin, Sergey"]
[Result "1/2-1/2"]
[WhiteElo "2799"]
[BlackElo "2773"]
[Annotator "TA"]
[PlyCount "50"]
[EventDate "2017.??.??"]
[EventType "tourn"]
[EventCountry "USA"]
[SourceTitle "playchess.com"]
[Source "ChessBase"]
[SourceQuality "1"]

{[%evp 29,50,-21,0,-28,-10,-26,-18,-35,0,0,5,-40,0,0,0,0,0,0,0,0,0,0,0]} 1. c4 Nf6 2. g3 e5 3. Bg2 d5 4. cxd5 Nxd5 5. Nc3 Nb6 6. Nf3 Nc6 7. O-O Be7 8. a3 O-O 9. b4 Be6 10. d3 a5 11. b5 Nd4 12. Nxe5 {A29: English Opening: Four Knights Variation with 4 g3} (12. Bb2 Nb3 13. Rb1 f6 14. Nd2 Nxd2 15. Qxd2 Nc4 16. Qc1 Nxb2 17. Qxb2 Rb8 18. Rfc1 Qd4 19. Nd5 Bd6 20. Qxd4 exd4 21. Nxc7 {1-0 (60) Vachier Lagrave,M (2796)-Swiercz,D (2647) chess.com INT 2017}) 12... Bf6 13. f4 Nb3 14. Be3 Nxa1 15. Qxa1 Nd5 {LiveBook: 7 Games} (15... Bxe5 $5 16. fxe5 Nd5 $11) 16. Bf2 Bxe5 17. fxe5 Qd7 18. Rb1 a4 $146 ({Predecessor:} 18... Rad8 19. a4 b6 20. Nxd5 Bxd5 {½-½ (31) Shitrit,K (2140)-Geisler,R ICCF email 2006}) 19. Ne4 b6 $1 20. Nd2 Ra5 21. Qb2 {The position is equal.} Ne7 22. Qb4 Nd5 23. Qb2 Ne7 24. Qb4 Nd5 25. Qb2 Ne7 1/2-1/2

[Event "Saint Louis Blitz 2017"]
[Site "Saint Louis"]
[Date "2017.08.17"]
[Round "4"]
[White "Nakamura, Hikaru"]
[Black "Kasparov, Garry"]
[Result "1/2-1/2"]
[WhiteElo "2792"]
[BlackElo "2812"]
[Annotator "TA"]
[PlyCount "141"]
[EventDate "2017.??.??"]
[EventType "tourn"]
[EventCountry "USA"]
[SourceTitle "playchess.com"]
[Source "ChessBase"]
[SourceQuality "1"]

{[%evp 9,141,-1,10,9,14,-9,0,0,0,0,0,0,4,10,28,0,25,0,36,0,52,0,65,8,65,47,49,43,72,66,74,42,74,31,72,64,72,55,72,27,24,22,35,23,63,53,59,56,293,313,276,18,35,0,35,29,82,0,98,99,94,98,158,139,162,125,132,125,125,125,125,75,125,113,125,125,125,58,139,39,112,103,125,37,103,101,182,62,64,32,32,32,32,32,39,39,39,39,39,39,39,39,39,39,39,0,39,39,98,0,0,0,0,0,0,0,0,0,0,0,0,0,0,5,31,31,34,34,34,34,34,34,38,45]} 1. c4 c5 2. g3 g6 3. Bg2 Bg7 4. e3 (4. Nc3 Nc6 5. Nf3 d6 6. O-O e6 7. e3 Nge7 8. d4 O-O 9. Re1 Re8 10. b3 Nf5 11. Bb2 cxd4 12. exd4 Nfxd4 13. Nxd4 Nxd4 14. Ne4 e5 15. Nxd6 Qxd6 16. Bxd4 Qc7 17. Bc3 Bd7 18. Qd5 Bc6 19. Qc5 Qb6 20. Qxb6 {½-½ (20) Svidler,P (2749)-Gelfand,B (2728) Geneve 2017}) 4... h5 5. d4 $146 {[%cal Bd2d4,Bd4d5][%mdl 32]} ({Find the theoretical novelty and annotate with similar games:} 5. h3 Nc6 6. Nc3 d6 7. Nge2 Nh6 8. e4 e5 9. a3 f5 10. d3 h4 11. exf5 gxf5 {1-0 (31) Webster,A (2330)-Ward,C (2440) Plymouth 1992}) 5... h4 6. Nc3 {A30: Symmetrical English: Double Fianchetto and Hedgehog} Nc6 {[%cal Rc5d4]} 7. d5 Bxc3+ 8. bxc3 {The position is equal.} Ne5 9. Nf3 Nxf3+ 10. Bxf3 d6 11. g4 $36 {[%mdl 2048] White has the initiative.} h3 12. g5 Qa5 13. Bd2 Rh4 14. e4 e5 (14... Qa6 $11) 15. Rg1 ({Better is} 15. O-O $14) 15... Ne7 (15... Bd7 $11) 16. Qb3 (16. Qb1 $14) 16... Qc7 (16... Qa6 $11) 17. Qc2 $14 Bd7 18. Be2 Nc8 19. a4 a5 20. f3 Nb6 21. Kf2 O-O-O 22. Qb3 Kb8 23. Rg3 Rdh8 24. Kg1 Ka7 25. Kh1 Be8 26. Rgg1 Bd7 27. Rab1 Be8 (27... Bxa4 $6 28. Qa3 $16) (27... Nxa4 $6 28. Ra1 $16) 28. Rb2 {Black must now prevent Rgb1.} Nd7 $2 ({Don't play} 28... Nxa4 $6 29. Ra2 $16) ({Don't blunder} 28... Bxa4 $2 29. Qa2 $18) (28... Nc8 $14) 29. Rgb1 $18 {[%cal Rb3b7]} b6 30. Rg1 $2 (30. Qb5 $1 $18) 30... Qd8 $11 31. Rbb1 Rf4 32. Qc2 ({Don't take} 32. Bxf4 $6 exf4 33. Qa2 Ne5 $16) 32... Rhh4 (32... Rfh4 $11) 33. Be1 (33. Be3 $16) 33... f6 (33... Rh7 $11 {remains equal.}) 34. Bxh4 $16 Rxh4 35. gxf6 Qxf6 (35... Nxf6 $142 36. Qd2 Rh7) 36. Qd2 Qf4 37. Qxf4 exf4 38. Rb2 Kb7 39. Rgb1 Kc7 40. Kg1 Rh5 41. Kf2 Rg5 42. Bf1 {Threatens to win with e5.} Rh5 43. Ke1 (43. e5 $1 $16 {[%cal Re5e6] e6 is the strong threat.} dxe5 44. Bd3) 43... Rh4 {[#]} (43... g5 $14) 44. Kd1 (44. e5 $1 $16 {[%cal Re5e6]} dxe5 45. Bd3) 44... Rh5 ({Black should play} 44... g5 $1 $14) 45. Kd2 Rh4 46. Ke2 ({White should try} 46. e5 $16 {And now e6 would win.} dxe5 47. Bd3) 46... Rh5 (46... g5 $14) 47. Kf2 Rh4 {[#]} (47... g5 $16 {was called for.} 48. Be2 Rh7) 48. Be2 (48. e5 $1 $18 {[%cal Re5e6] Hoping for e6.} dxe5 49. Bd3) 48... Rh5 $1 $14 49. Rg1 {aiming for Ra1.} Ne5 50. Ra2 Bd7 51. Raa1 Be8 52. Ke1 Bd7 53. Kd2 Be8 54. Kc2 Bd7 55. Kb3 Kd8 56. Kb2 Kc7 57. Kb3 Kd8 58. Raf1 Kc7 59. Rg4 (59. Rb1 $16) 59... Bxg4 60. fxg4 $11 {[%mdl 4096] Endgame KRB-KRN} Rh7 {Strongly threatening ...Rf7.} 61. Rxf4 Rf7 62. Rxf7+ Nxf7 {KB-KN} 63. Kc2 Kd7 64. Bf1 Ng5 65. Kd3 Ke7 66. Ke3 Kf6 67. Kf4 {White is slightly better.} Nf7 68. Bxh3 g5+ 69. Kg3 Ne5 70. Bf1 Ng6 $1 71. Be2 {Precision: White = 41%, Black = 42%.} 1/2-1/2

[Event "Saint Louis Blitz 2017"]
[Site "Saint Louis"]
[Date "2017.08.17"]
[Round "4"]
[White "Nepomniachtchi, Ian"]
[Black "Navara, David"]
[Result "1-0"]
[WhiteElo "2751"]
[BlackElo "2737"]
[Annotator "TA"]
[PlyCount "95"]
[EventDate "2017.??.??"]
[EventType "tourn"]
[EventCountry "USA"]
[SourceTitle "playchess.com"]
[Source "ChessBase"]
[SourceQuality "1"]

{[%evp 14,94,23,31,37,45,109,115,286,195,234,-19,-22,-36,-17,-18,-32,-14,-34,-17,-8,-28,-37,-27,-10,-108,-131,-145,-116,-116,0,0,36,26,296,297,314,298,518,496,691,781,749,733,656,547,534,706,680,689,658,641,809,818,738,222,193,190,635,222,695,228,256,77,138,92,171,11,202,179,12838,12839,12839,12838,12838,12839,12839,12839,12840,12840,12841,12837,29999]} 1. e4 c6 2. d4 d5 3. e5 c5 4. dxc5 Nc6 5. a3 (5. Nf3 Bg4 6. c3 e6 7. b4 a6 8. Nbd2 Nxe5 9. Qa4+ Nd7 10. Ne5 Ngf6 11. c4 a5 12. Nb3 axb4 13. Qb5 Be7 {0-1 (53) Topalov,V (2760)-Nakamura,H (2779) London 2016}) 5... Nxe5 6. b4 {B12: Caro-Kann: Advance Variation} Nf6 7. Bb2 Nc6 8. Nf3 {LiveBook: 3 Games. White has an edge.} g6 $146 ({Predecessor:} 8... e6 9. Bb5 Be7 10. O-O O-O 11. Nbd2 Qc7 12. Qe2 Bd7 {1-0 (47) Henriquez Villagra,C (2538)-Arkell,K (2408) chess.com INT 2017}) 9. Nc3 d4 (9... Be6 $14) 10. Nb5 $16 {[%cal Rf3d4]} e5 $2 (10... Bg7 $16 {keeps fighting.}) 11. Qe2 Bg4 12. O-O-O $2 ({White must play} 12. Nbxd4 $1 $18 Bg7 13. O-O-O (13. Nxc6 bxc6 14. Rd1 Qe7 $18)) 12... Bh6+ $11 13. Kb1 {[%cal Rb5d4] Threatens to win with Nbxd4.} O-O 14. h3 $1 {[%cal Rh3g4]} Bxf3 $1 15. Qxf3 a5 16. Bc4 $1 axb4 17. axb4 Nxb4 18. Nd6 Nc6 19. Rhe1 ({Much weaker is} 19. Nxb7 Qc7 $15) (19. h4 $1 $11 {keeps the balance.}) 19... Bg7 $1 $17 20. g4 {Threatening g5.} Qe7 21. c3 {[%cal Rc3d4]} dxc3 (21... Qc7 $17) 22. Qxc3 $11 Ra5 {[#]} 23. f4 $1 {[%mdl 512]} Rxc5 $2 {[%mdl 8192]} (23... Nd7 $11 {and Black is okay.}) (23... exf4 24. Rxe7) 24. Bxf7+ $1 $18 ({Stronger than} 24. fxe5 Nd7 $14) 24... Qxf7 25. Qxc5 Nd7 $2 (25... Qe6 26. fxe5 Nd7) 26. Qb5 Qxf4 27. Rf1 {Qb3+ is the strong threat.} Qb4 28. Qd5+ Kh8 29. Nf7+ Rxf7 30. Rxf7 Nf6 31. Qd6 Qe4+ 32. Qd3 Qa4 33. Rxb7 Nb4 34. Rxb4 $2 (34. Qd8+ Ng8 35. Rc7) 34... Qxb4 35. Rc1 {And now Rc8+ would win.} e4 $2 (35... Qb7 36. Qd8+ Ng8) 36. Qd4 $2 (36. Rc8+ Ng8 37. Rxg8+ $1 {[%mdl 512]} Kxg8 38. Qd5+ Kf8 39. Qd8+ Kf7 40. Qd7+ Kf8 41. Qxg7+ Ke8 42. Qh8+ Qf8 43. Qxf8+ Kxf8 44. Kc2) 36... Qb8 $2 (36... Qxd4 37. Bxd4 h5 38. Rc8+ Kh7) 37. Qe5 $2 (37. Rc6) 37... Qd8 38. Qb5 $2 (38. g5 $18 {and White stays clearly on top.} Qd3+ 39. Ka2 Qa6+ 40. Kb3 Qb7+ 41. Kc2) 38... h6 (38... h5 $142) 39. Qb7 {aiming for Rc8.} Qd3+ {[#]} (39... Kh7 $16 {was necessary.}) 40. Ka1 $2 (40. Ka2 $1 $18 {Intending Rc8+ and mate.} Qd5+ 41. Qxd5 Nxd5 42. Rc8+ Kh7 43. Bc1) 40... Ne8 $2 {[#]} (40... e3 $1 $11 {and Black stays safe.}) 41. Rc8 $1 $36 {[%csl Gb2,LRe8,LRg7][%cal Rb7g7][%mdl 2048] White is really pushing.} Qa3+ $2 (41... Qd1+ 42. Ka2 Qa4+ 43. Ba3 Kh7) 42. Kb1 {[%csl Gb2][%cal Rb7g7]} Qd3+ 43. Ka2 {[%csl Gb2][%cal Rb7g7]} Kh7 44. Rxe8 {[%csl Gb2][%cal Rb7g7]} Qc4+ 45. Qb3 Qa6+ 46. Kb1 {[%csl Ge8][%cal Rb3g8]} Qf1+ 47. Bc1 {[%csl Ge8][%cal Rb3g8]} Qe2 48. Qg8# {Precision: White = 51%, Black = 19%.} 1-0